| 000 | 02245nam a2200229Ia 4500 | ||
|---|---|---|---|
| 003 | Ost | ||
| 005 | 20260507075310.0 | ||
| 008 | 260507s9999||||xx |||||||||||||| ||und|| | ||
| 020 | _a3264328977 | ||
| 040 | _cfsecg | ||
| 041 | _aara | ||
| 082 | _a330 | ||
| 100 |
_aعبد الرسول، محمد فاروق _eمؤلف |
||
| 245 | 0 |
_aالحماية الجنائية لبورصة الاوراق المالية : _bدراسة مقارنة / _c محمد فاروق عبد الرسول |
|
| 260 |
_aالاسكندرية: _bدار الجامعة الجديدة, _c2007 |
||
| 300 |
_a458 صفحة؛ _c25 سم |
||
| 520 | _aماهية بورصة الاوراق المالية ، 1)أحكام التجريم بتحديد المصالح محل الحماية ، المصالح الخاصة بالمتعاملين و المتعلقة بالمعلومات ، الحماية القانونية للمصالح و مبدأ شرعية الجرائم و العقوبات في جرائم البورصة و النطاق المكاني للنص الجنائي في جرائم البورصة ، الجرائم المتعلقة بالاوراق المالية و الجرائم الخاصة بالمتعاملين و الجرائم المتعلقة بالمعلومات 2)المسؤولية الجنائية و آثارها في جرائم البورصة : الركن المعنوي في جرائم البورصة و و المسؤولية الجنائية للاشخاص المعنوية في هذه الجرائم و المسؤولية عن فعل الغير في جرائم البورصة ، مشكلة اختيار الجزاءات و الجزاءات الجنائية و غير الجنائية في تشريعات البورصة 3) الجوابن الاجرائية في جرائم البورصة : الجهات المختصة بالضبط و التحقيق و مدى اختصاص مأموري الضبط القضائي ، الاطلاع على البيانات الخاصة بعملاء البنوك و الدعوى العمومية في جرائم البورصة و مكافحة هذه الجرائم. | ||
| 653 | _aالأسواق المالية | ||
| 653 | _aالقانون الجنائي | ||
| 653 | _aجرائم الأموال | ||
| 942 | _cكتاب | ||
| 999 |
_c43862 _d43862 |
||